| 000 -LEADER |
| fixed length control field |
00805nam a22001337a 4500 |
| 040 ## - CATALOGING SOURCE |
| Transcribing agency |
RUA |
| 082 ## - DEWEY DECIMAL CLASSIFICATION NUMBER |
| Classification number |
AGR KAK 2021 B1.570 Or. |
| 100 ## - MAIN ENTRY--AUTHOR NAME |
| Personal name |
KAK BROS កាក់ ប្រុស |
| 245 ## - TITLE STATEMENT |
| Title |
DIVERSITY ANALYSIS OF SALT TOLERANCE IN SELECTED RICE LANDRACES FROM CAMBODIA AT EARLY GROWTH STAGE ការវិភាគភាពចម្រុះនៃការធន់និងអំបិលនៅក្នុងពូជស្រូវប្រពៃណីដែលបានជ្រើសរើសពីប្រទេសកម្ពុជាក្នុងដំណាក់កាលូតលាស់ដំបូង |
| 260 ## - PUBLICATION, DISTRIBUTION, ETC. (IMPRINT) |
| Place of publication |
PHNOM PENH |
| Name of publisher |
RUA |
| Year of publication |
2021 |
| 300 ## - PHYSICAL DESCRIPTION |
| Number of Pages |
VIII.41P |
| Other physical details |
V. |
| Dimensions |
29CM |
| 856 ## - ELECTRONIC LOCATION AND ACCESS |
| Uniform Resource Identifier |
https://drive.google.com/file/d/1T4Q3SB3AKaw7XxRAvNVTuWdoBZRsF-Y_/view?usp=sharing |
| 942 ## - ADDED ENTRY ELEMENTS (KOHA) |
| Koha item type |
AGR |
| 952 ## - LOCATION AND ITEM INFORMATION (KOHA) |
| Withdrawn status [LOCAL, KOHA] |
0 |
| 952 ## - LOCATION AND ITEM INFORMATION (KOHA) |
| Withdrawn status [LOCAL, KOHA] |
0 |
| 952 ## - LOCATION AND ITEM INFORMATION (KOHA) |
| Withdrawn status [LOCAL, KOHA] |
0 |
| 952 ## - LOCATION AND ITEM INFORMATION (KOHA) |
| Withdrawn status [LOCAL, KOHA] |
0 |